000 00341nam a22001457a 4500
008 210309b ||||| |||| 00| 0 eng d
020 _a9780782119565
041 _aeng
080 _27th
_a004
082 _2004
100 _a28
101 _aSHKI
245 _aTHE COMPELTE PC UPGRANDE & MAINTENANCE GUIDE
_cMark Minasi
942 _2udc
_cBK
999 _c56063
_d56063